2013 China trade and external economic statistical yearbook.
| Format: | Book |
|---|---|
| Published: |
Beijing:
China Statistical Press,
2013.
|
| Subjects: |
| LEADER | 00500cam a2200145 7i4500 | ||
|---|---|---|---|
| 001 | 0000033041 | ||
| 005 | 20151229090000.0 | ||
| 020 | 0 | 0 | |a 9787503769429 |
| 090 | 0 | 0 | |a STAT 338.9 |b CHI (CHIN) |
| 245 | 0 | 0 | |a 2013 China trade and external economic statistical yearbook. |
| 260 | 0 | 0 | |a Beijing: |b China Statistical Press, |c 2013. |
| 300 | # | # | |a 669 pages. |
| 650 | 0 | 0 | |a Statistics -- |z China |
| 999 | |a B000037123 |b Book |c Statistics |e Business Information Centre | ||
| 999 | |a 0000037123 |b Book |c Statistics |e Business Information Centre | ||


